| 000 | 00980nam a22001937a 4500 | ||
|---|---|---|---|
| 999 |
_c59403 _d59403 |
||
| 003 | Ge_BSU | ||
| 005 | 20230210102226.0 | ||
| 008 | 230210s2001 ge ||||| |||| 00| 0 geo d | ||
| 020 | _a9992834935 | ||
| 041 | _ageo | ||
| 080 | _a658. 114. 45 ლ-16 | ||
| 100 |
_aლაზვიაშვილი, ნინო _913214 |
||
| 245 |
_aსააქციო საზოგადოებები : _bპრაქტიკა პრობლემები პერსპექტივები / _c ნინო ლაზვიაშვილი. [რედ. ნოდარ ჭითანავა]. [რეცენზ. : დემურ ჩომახიძე, ემზარ გაფრინდაშვილი]. |
||
| 264 |
_aთბილისი, _c2001. |
||
| 300 |
_a163 გვ.; _b21 სმ. |
||
| 504 | _aბიბლიოგრ. გვ. 153-161 | ||
| 700 |
_aჭითანავა, ნოდარ _eრედაქტორი _9802 |
||
| 942 |
_2udc _cBK |
||